[Event "Regular Quad, S40299"]
[Site "CCLA"]
[Date "2014.09.15"]
[Round "?"]
[White "Miller, Allan A."]
[Black "Smiley, William R."]
[Result "1-0"]
[WhiteElo "1563"]
[BlackElo "1530"]

1. d4 Nf6 2. c4 g6 3. Nc3 d5 4. e3 e6 5. Nf3 c6 6. Bd3 Bd6 7. O-O dxc4 8. 
Bxc4 O-O 9. e4 Bc7 10. Bg5 h6 11. Bh4 e5 12. Nxe5 Bxe5 13. dxe5 Qxd1 14. 
Raxd1 Ng4 15. Bg3 Nd7 16. e6 Nde5 17. exf7+ Nxf7 18. h3 1-0

[Event "Premier Quad, S40229"]
[Site "CCLA"]
[Date "2014.07.21"]
[Round "?"]
[White "Silverman, Robert"]
[Black "Richardson, Ryan M."]
[Result "1-0"]
[WhiteElo "1871"]
[BlackElo "1689"]

1. d4 Nf6 2. c4 g6 3. Nc3 d5 4. cxd5 Nxd5 5. Bd2 Bg7 6. e4 Nb6 7. Be3 O-O 
8. Be2 Nc6 9. Nf3 Bg4 10. O-O Bxf3 11. Bxf3 Nxd4 12. Be2 Nxe2+ 13. Qxe2 e6
14. Bc5 Re8 15. Rac1 Qg5 16. Nb5 Rec8 17. b3 Nd7 18. Be3 Qd8 19. Nxa7 Rcb8
20. Rfd1 c6 21. b4 Qe8 22. b5 c5 23. b6 Nxb6 24. Bxc5 Na4 25. Nb5 Nxc5 26.
 Rxc5 Qe7 27. Rc7 Qb4 28. Rcd7 Qa4 29. Nc7 Ra5 30. Rd8+ Rxd8 31. Rxd8+ Bf8
32. h3 Qxa2 33. Qxa2 Rxa2 34. Rb8 Kg7 35. Ne8+ Kh6 36. Rxb7 Bc5 37. Rxf7 
Re2 38. Nf6 Re1+ 39. Kh2 Re2 40. Ng4+ Kg5 41. Kg3 h5 42. h4# 1-0

[Event "Herbert W. Gustafson Memorial Open, S47119"]
[Site "CCLA"]
[Date "2014.10.27"]
[Round "?"]
[White "Blankenship, Jerry T."]
[Black "McLaughlin, Ed"]
[Result "1-0"]
[WhiteElo "1599"]
[BlackElo "1561"]

1. d4 Nf6 2. Nf3 g6 3. c4 Bg7 4. Nc3 d5 5. cxd5 Nxd5 6. e4 Nxc3 7. bxc3 
O-O 8. Be2 c5 9. Rb1 Qa5 10. Qd2 a6 11. O-O Nc6 12. Qb2 b5 13. e5 cxd4 14.
 cxd4 Be6 15. a3 Bd5 16. Be3 Rfd8 17. Rfc1 e6 18. Nd2 Bf8 19. Ra1 Qa4 20. 
Nb1 Rab8 21. Bd1 Qa5 22. Bd2 Qb6 23. Be3 Na5 24. Nc3 Ba8 25. Be2 Qc6 26. 
Bf3 Qd7 27. Bxa8 Rxa8 28. Ne4 Kh8 29. Nf6 Qb7 30. Bg5 Nc4 31. Rxc4 1-0

[Event "NA Master/Expert Server Championship, S40099"]
[Site "CCLA"]
[Date "2014.04.30"]
[Round "?"]
[White "McLaughlin, James"]
[Black "Carter, Maurice H."]
[Result "1/2-1/2"]
[WhiteElo "2046"]
[BlackElo "2043"]

1. d4 Nf6 2. c4 g6 3. Nc3 d5 4. cxd5 Nxd5 5. e4 Nxc3 6. bxc3 Bg7 7. Nf3 c5
8. Rb1 O-O 9. Be2 cxd4 10. cxd4 Qa5+ 11. Bd2 Qxa2 12. O-O Nc6 13. d5 Ne5 
14. Nxe5 Bxe5 15. Bb4 Bd7 16. Bxe7 Ba4 17. Qe1 Rfc8 18. Bd3 Rc3 19. Bd6 
Bd4 20. Ra1 Qb2 21. Rxa4 Rxd3 22. Rb4 Qc2 23. Rxb7 Rd2 24. Bg3 Re2 25. Qb1
Qxe4 26. d6 Bb6 27. Qxe4 Rxe4 28. Rd1 Rd8 29. d7 f6 30. Bc7 1/2-1/2

[Event "NA Master/Expert Server Championship, S40099"]
[Site "CCLA"]
[Date "2014.04.30"]
[Round "?"]
[White "Reinhart, Kenneth M."]
[Black "Carter, Maurice H."]
[Result "1-0"]
[WhiteElo "2399"]
[BlackElo "2043"]

1. d4 Nf6 2. c4 g6 3. Nc3 d5 4. cxd5 Nxd5 5. e4 Nxc3 6. bxc3 Bg7 7. Nf3 c5
8. Be3 Qa5 9. Qd2 O-O 10. Rc1 Nd7 11. Bd3 cxd4 12. cxd4 Qxd2+ 13. Nxd2 Nb6
14. Nb3 Be6 15. d5 Bc8 16. Nc5 e6 17. dxe6 Bxe6 18. Nxe6 fxe6 19. f4 Rfd8 
20. Ke2 Bd4 21. Rc7 Bxe3 22. Kxe3 Rac8 23. Rxb7 Rc3 24. Rd1 Ra3 25. Rc7 
Rd7 26. Rxd7 Nxd7 27. Rc1 Kf8 28. Kd4 Ra4+ 29. Bc4 Nb6 30. Kc5 Nxc4 31. 
Rxc4 Rxa2 32. Kd6 Rxg2 33. Kxe6 Rxh2 34. Kf6 Ke8 35. e5 1-0

[Event "Winter Server Series, S40011"]
[Site "CCLA"]
[Date "2014.01.27"]
[Round "?"]
[White "Shnaiderman, Lazar"]
[Black "Galvin, John H."]
[Result "0-1"]
[WhiteElo "2026"]
[BlackElo "2191"]

1. d4 Nf6 2. c4 g6 3. Nc3 d5 4. cxd5 Nxd5 5. e4 Nxc3 6. bxc3 Bg7 7. Be3 c5
8. Qd2 Qa5 9. Rc1 O-O 10. Nf3 Rd8 11. d5 b6 12. Be2 Qa4 13. Bd3 e6 14. c4 
exd5 15. cxd5 Ba6 16. O-O Re8 17. d6 Bxd3 18. Qxd3 Nd7 19. Nd2 Ne5 20. Qd5
Qc6 21. Qxc6 Nxc6 22. f4 f6 0-1

[Event "2014 Server Championship, S40029"]
[Site "CCLA"]
[Date "2014.01.27"]
[Round "?"]
[White "Shnaiderman, Lazar"]
[Black "Galvin, John H."]
[Result "1/2-1/2"]
[WhiteElo "2026"]
[BlackElo "2191"]

1. d4 Nf6 2. c4 g6 3. Nc3 d5 4. cxd5 Nxd5 5. e4 Nxc3 6. bxc3 Bg7 7. Be3 c5
8. Qd2 Qa5 9. Rc1 O-O 10. Nf3 b6 11. Bh6 Bb7 12. Bxg7 Kxg7 13. d5 Nd7 14. 
Bd3 Nf6 15. Ne5 e6 16. c4 Qxd2+ 17. Kxd2 Nh5 18. g4 Nf4 19. Bc2 exd5 20. 
exd5 Rad8 21. Rhe1 b5 22. Rb1 a6 23. a4 1/2-1/2

[Event " NA Class A Server Championship, S40109"]
[Site "CCLA"]
[Date "2014.04.30"]
[Round "?"]
[White "Vecchio, Ralph"]
[Black "Cacas, Alexander"]
[Result "1-0"]
[WhiteElo "1815"]
[BlackElo "1886"]

1. d4 Nf6 2. c4 g6 3. Nc3 d5 4. cxd5 Nxd5 5. e4 Nxc3 6. bxc3 Bg7 7. Nf3 c5
8. Be3 O-O 9. Rc1 Qa5 10. Qd2 cxd4 11. cxd4 Qxd2+ 12. Nxd2 Nc6 13. Nb3 Rd8
14. d5 Nb4 15. Bd2 Na6 16. Be2 e6 17. Bc4 b6 18. O-O Nc5 19. Bg5 Nxb3 20. 
Bxb3 f6 21. dxe6 Re8 22. e7+ Kh8 23. Bd5 Ba6 24. Rfd1 Rac8 25. Rxc8 Rxc8 
26. Bf7 1-0

[Event "2014 Server Championship, S40029"]
[Site "CCLA"]
[Date "2014.01.27"]
[Round "?"]
[White "Shnaiderman, Lazar"]
[Black "Cross, Gregory W."]
[Result "1/2-1/2"]
[WhiteElo "2026"]
[BlackElo "2172"]

1. d4 Nf6 2. c4 g6 3. Nc3 d5 4. cxd5 Nxd5 5. e4 Nxc3 6. bxc3 Bg7 7. Be3 
O-O 8. Qd2 c5 9. Rc1 Qa5 10. Nf3 cxd4 11. cxd4 Qxd2+ 12. Nxd2 e6 13. Nb3 
Nc6 14. Bb5 Rd8 15. Bxc6 bxc6 16. O-O Rb8 17. f3 Bd7 18. Rc4 Rb5 19. Ra4 
Ra8 20. Rc1 Bf6 21. g4 a5 22. Kf2 g5 23. Bd2 1/2-1/2

[Event "Herbert W. Gustafson Memorial Open, S47029"]
[Site "CCLA"]
[Date "2014.10.27"]
[Round "?"]
[White "Vlasov, Andrey"]
[Black "Anderson, Aaron J."]
[Result "0-1"]
[WhiteElo "2226"]
[BlackElo "2308"]

1. d4 Nf6 2. c4 g6 3. Nc3 d5 4. cxd5 Nxd5 5. e4 Nxc3 6. bxc3 Bg7 7. Bc4 c5
8. Ne2 Nc6 9. Be3 O-O 10. O-O Qc7 11. Rc1 b6 12. Bf4 Qd7 13. Bb5 a6 14. 
Bxc6 Qxc6 15. d5 Qb7 16. c4 Bd7 17. Qd2 Rfc8 18. Bh6 b5 19. Bxg7 Kxg7 20. 
f4 a5 21. f5 Ra6 22. Ng3 Qb8 23. cxb5 Qxb5 24. Qg5 f6 25. Qd2 c4 26. Ne2 
Rb6 27. g4 Qc5+ 28. Kh1 a4 29. Nc3 a3 30. g5 Qd6 31. gxf6+ exf6 32. fxg6 
hxg6 33. Rc2 Rcb8 34. Rfc1 Qe5 35. Qe2 Rb4 36. Rg1 Rb2 37. Rgc1 Qxc3 0-1

[Event "2014 Server Championship, S40029"]
[Site "CCLA"]
[Date "2014.01.27"]
[Round "?"]
[White "Greene, Sanford I."]
[Black "Galvin, John H."]
[Result "1-0"]
[WhiteElo "2375"]
[BlackElo "2191"]

1. d4 Nf6 2. c4 g6 3. Nc3 d5 4. cxd5 Nxd5 5. e4 Nxc3 6. bxc3 Bg7 7. Bc4 c5
8. Ne2 Nc6 9. Be3 O-O 10. O-O Qc7 11. Rb1 Rd8 12. Qc1 Na5 13. Bd3 b6 14. 
Rd1 Bd7 15. d5 Ba4 16. Rd2 c4 17. Bc2 Bxc2 18. Qxc2 e6 19. dxe6 fxe6 20. 
Nd4 Bxd4 21. cxd4 Nb7 22. h4 Rac8 23. h5 Nd6 24. hxg6 hxg6 25. Bg5 Rd7 26.
 Bf6 Rh7 27. e5 Qf7 28. d5 exd5 29. Rxd5 Ne8 30. Rbd1 Nxf6 31. exf6 Rf8 
32. Rg5 Rh6 33. Rd6 Kh8 34. Qc3 Qc7 35. Rgd5 1-0

[Event "Herbert W. Gustafson Memorial Open, S47019"]
[Site "CCLA"]
[Date "2014.10.27"]
[Round "?"]
[White "Berthelot, Paul"]
[Black "Edwards, K. E. D. G."]
[Result "1/2-1/2"]
[WhiteElo "2227"]
[BlackElo "2319"]

1. d4 Nf6 2. c4 g6 3. Nc3 d5 4. cxd5 Nxd5 5. e4 Nxc3 6. bxc3 Bg7 7. Bc4 c5
8. Ne2 Nc6 9. Be3 O-O 10. O-O Qc7 11. Rc1 Rd8 12. Qd2 Qa5 13. Rfd1 Bd7 14.
 Qb2 b5 15. Qxb5 Qxb5 16. Bxb5 Nxd4 17. Bc4 Nxe2+ 18. Bxe2 Be6 19. Rxd8+ 
Rxd8 20. a4 Rc8 21. a5 f5 22. Ba6 Rc6 23. Bb7 Rc7 24. a6 Be5 25. f4 Bg7 
26. e5 Bc4 27. Rd1 e6 28. Rd8+ Kf7 29. Kf2 h6 30. Ra8 Bf8 31. g3 Bb5 32. 
Ke1 Be7 33. h4 Rd7 34. Rc8 Rd3 35. Bxc5 Rxc3 36. Bxa7 Ra3 37. Bc5 Bxc5 
1/2-1/2

[Event "Herbert W. Gustafson Memorial Open, S47019"]
[Site "CCLA"]
[Date "2014.10.27"]
[Round "?"]
[White "Berthelot, Paul"]
[Black "Belanoff, Stuart"]
[Result "1/2-1/2"]
[WhiteElo "2227"]
[BlackElo "2265"]

1. d4 Nf6 2. c4 g6 3. Nc3 d5 4. cxd5 Nxd5 5. e4 Nxc3 6. bxc3 Bg7 7. Bc4 c5
8. Ne2 Nc6 9. Be3 O-O 10. O-O Bg4 11. f3 Bd7 12. Rb1 Qc7 13. Qd2 Rad8 14. 
Bf4 e5 15. Bg3 Na5 16. Bd3 b6 17. d5 c4 18. Bc2 Nb7 19. Kh1 Nc5 20. f4 Qd6
21. fxe5 Bxe5 22. Qd4 Rfe8 23. Qxc4 Bc8 24. Qb4 Ba6 25. c4 Bxg3 26. Nxg3 
Rc8 27. Rf3 Nb7 28. Qb2 1/2-1/2

[Event "Herbert W. Gustafson Memorial Open, S47019"]
[Site "CCLA"]
[Date "2014.10.27"]
[Round "?"]
[White "Vaughan, James"]
[Black "Berthelot, Paul"]
[Result "1-0"]
[WhiteElo "2270"]
[BlackElo "2227"]

1. c4 Nf6 2. d4 g6 3. Nc3 d5 4. cxd5 Nxd5 5. e4 Nxc3 6. bxc3 Bg7 7. Bc4 
O-O 8. Ne2 c5 9. O-O Nc6 10. Be3 cxd4 11. cxd4 Na5 12. Bd3 b6 13. Rc1 e6 
14. Qa4 Bd7 15. Qa3 Re8 16. Qb4 Rc8 17. f3 Bf8 18. Qd2 Ba3 19. Rxc8 Bxc8 
20. Rd1 Nc4 21. Bxc4 1-0

[Event "Summer Server Series, S40081"]
[Site "CCLA"]
[Date "2014.07.28"]
[Round "?"]
[White "Metz, Edward"]
[Black "Acosta, Errol"]
[Result "0-1"]
[WhiteElo "1398"]
[BlackElo "1365"]

1. d4 d5 2. c4 c6 3. Nf3 Nf6 4. Nc3 g6 5. Bg5 Bg7 6. e3 O-O 7. Be2 Nbd7 8.
 O-O h6 9. Bxf6 exf6 10. cxd5 cxd5 11. Nxd5 b6 12. Qb3 Bb7 13. Nf4 Kh7 14.
 Qd3 f5 15. b4 Be4 16. Qd2 Nf6 17. Ne5 Rc8 18. a4 g5 19. Nh5 Nxh5 20. Bxh5
Bxe5 21. f4 Rc2 22. Qe1 Rxg2+ 0-1

[Event "Summer Server Series, S40071"]
[Site "CCLA"]
[Date "2014.07.28"]
[Round "?"]
[White "Richardson, Ryan M."]
[Black "Avery, Bryce"]
[Result "0-1"]
[WhiteElo "1689"]
[BlackElo "1663"]

1. d4 Nf6 2. c4 g6 3. Nc3 d5 4. Nf3 Bg7 5. Bg5 dxc4 6. e4 Bg4 7. Bxc4 O-O 
8. Qd2 Nbd7 9. e5 Nh5 10. Nd5 Re8 11. Ne3 Bxf3 12. gxf3 c5 13. e6 fxe6 14.
 Bxe6+ Kh8 15. Nd5 Ndf6 16. dxc5 Nxd5 17. Bxd5 Qc7 18. Be4 Qxc5 19. Be3 
Qb5 20. Rb1 Nf6 21. Bh6 Bxh6 22. Qxh6 Nxe4 23. fxe4 Qd3 24. Rd1 Qxe4+ 0-1

[Event "Regular Quad, S40239"]
[Site "CCLA"]
[Date "2014.07.28"]
[Round "?"]
[White "Verbera, Marcos"]
[Black "Blankenship, Jerry T."]
[Result "0-1"]
[WhiteElo "1281"]
[BlackElo "1599"]

1. d4 Nf6 2. c4 g6 3. Nc3 d5 4. Bf4 Bg7 5. e3 c6 6. Nf3 O-O 7. Be2 Nbd7 8.
 O-O dxc4 9. Bxc4 Nh5 10. Re1 Nb6 11. Qe2 Nxc4 12. Qxc4 Be6 13. Qd3 Nxf4 
14. exf4 Qb6 15. Na4 Qb4 16. b3 Rfd8 17. Re4 Bf5 18. Ne5 Bxe4 0-1

[Event "Regular Quad, S40309"]
[Site "CCLA"]
[Date "2014.09.15"]
[Round "?"]
[White "Miller, Allan A."]
[Black "Acosta, Errol"]
[Result "1-0"]
[WhiteElo "1563"]
[BlackElo "1365"]

1. d4 d5 2. c4 c6 3. e3 Nf6 4. Nc3 g6 5. Nf3 Bg7 6. cxd5 cxd5 7. Bb5+ Nc6 
8. Ne5 O-O 9. Nxc6 bxc6 10. Be2 Bb7 11. O-O Qd6 12. Na4 e5 13. Nc5 Bc8 14.
 f4 e4 15. Bd2 Nd7 16. Bb4 Re8 17. Na6 Qf6 18. Nc7 Rd8 19. Nxa8 Bb7 20. 
Nc7 Nb6 21. Na6 Nc4 22. Bxc4 dxc4 23. Nc5 Bc8 24. Nxe4 Qf5 25. Nd6 Rxd6 
26. Bxd6 Ba6 27. Rf3 Qe4 28. Qa4 Qd5 29. Be5 Bb7 30. Qxa7 c5 31. Bxg7 Kxg7
32. Qxc5 Qxc5 33. dxc5 1-0

[Event "Summer Server Series, S40081"]
[Site "CCLA"]
[Date "2014.07.28"]
[Round "?"]
[White "Sanchez, David A."]
[Black "Acosta, Errol"]
[Result "1-0"]
[WhiteElo "1471"]
[BlackElo "1365"]

1. d4 d5 2. c4 c6 3. Nf3 Nf6 4. e3 g6 5. Nc3 Bg7 6. cxd5 cxd5 7. Bb5+ Nc6 
8. Ne5 O-O 9. Nxc6 bxc6 10. Bxc6 Rb8 11. a3 e6 12. b4 Ne4 13. Nxe4 dxe4 
14. Bxe4 Ba6 15. Bd3 Bb7 16. O-O Qd5 17. f3 Rfc8 18. Be4 Qd8 19. Bxb7 Rxb7
20. Bb2 Rbc7 21. Rc1 Rxc1 22. Bxc1 Qd5 23. Rf2 e5 24. Rc2 Rc4 25. Rxc4 
Qxc4 26. d5 Kf8 27. e4 Ke8 28. Qa4+ Kf8 29. Qc6 Qd4+ 30. Kf1 Qd1+ 31. Kf2 
Qd4+ 32. Kg3 Ke7 33. Qc5+ Qxc5 34. bxc5 Kd7 35. Be3 a6 36. Kf2 h5 37. Ke2 
f6 38. Kd3 g5 39. g4 h4 40. h3 Bf8 41. c6+ Kc7 42. a4 Bb4 43. Kc4 a5 44. 
Bc5 Bd2 45. Kb5 Bc3 46. d6+ 1-0

[Event "Regular Quad, S40349"]
[Site "CCLA"]
[Date "2014.10.13"]
[Round "?"]
[White "Haase, F. Philip"]
[Black "Acosta, Errol"]
[Result "0-1"]
[WhiteElo "1304"]
[BlackElo "1365"]

1. d4 d5 2. Nf3 Nf6 3. c4 c6 4. Nc3 g6 5. Qb3 Bg7 6. cxd5 cxd5 7. Bg5 e6 
8. e3 O-O 9. Bd3 Nc6 10. Ne5 Qe8 11. Bb5 a6 12. Ba4 b5 13. Bxb5 axb5 14. 
Nxc6 Qxc6 15. Nxb5 Ne4 16. O-O Nxg5 17. Rac1 Qa6 18. Nc7 Qxa2 19. Qxa2 
Rxa2 20. f3 Rxb2 21. f4 Ne4 22. Rb1 Rxb1 23. Rxb1 Nd2 24. Rb2 Nc4 25. Rb4 
Nxe3 26. Kf2 Nc4 27. Nb5 Ba6 28. Kf3 Bxb5 29. Rxb5 Ra8 30. Kg4 f5+ 31. Kg5
Rf8 32. Kh4 Bf6+ 0-1

[Event "Premier Quad, S40409"]
[Site "CCLA"]
[Date "2014.11.24"]
[Round "?"]
[White "Silverman, Robert"]
[Black "Clancey, James"]
[Result "1/2-1/2"]
[WhiteElo "1871"]
[BlackElo "2053"]

1. d4 Nf6 2. c4 g6 3. Nc3 d5 4. Qb3 dxc4 5. Qxc4 Bg7 6. Nf3 O-O 7. e4 a6 
8. Qb3 Nc6 9. d5 Na5 10. Qa3 b6 11. Be2 Nb7 12. O-O Nc5 13. Bg5 h6 14. 
Bxf6 exf6 15. b4 Nb7 16. Rac1 Bd7 17. Rcd1 Re8 18. Rfe1 a5 19. Bb5 Bf8 20.
 Bxd7 axb4 21. Qxa8 Qxa8 22. Bxe8 Qxe8 23. Nb1 Nc5 24. e5 fxe5 25. Nxe5 
Qb5 26. Rd4 Bd6 27. Nc4 Nb7 28. Nbd2 Bf8 29. Nb3 Bg7 30. Ne5 Bxe5 31. Rxe5
c5 32. Rd1 c4 33. Nc1 Nd6 34. Re2 Qd7 35. Rdd2 b5 36. Rd1 Kg7 37. Re5 h5 
38. Ree1 Qf5 39. Rd4 Qc2 40. h3 b3 41. axb3 cxb3 42. Ne2 b2 43. Rdd1 b4 
44. Nd4 Qc3 45. Ne2 Qc5 46. Ng3 Qc2 47. Ne2 Qc5 48. Nd4 Qc3 49. Ne2 Qc5 
50. Ng3 Qc2 51. Ne2 Qc5 52. Ng3 Qc2 53. Ne2 Qc5 1/2-1/2

[Event "Continuous Server Series, S40069"]
[Site "CCLA"]
[Date "2014.03.03"]
[Round "?"]
[White "Jones, Scott C."]
[Black "Stroup, Jim"]
[Result "0-1"]
[WhiteElo "1274"]
[BlackElo "1768"]

1. d4 Nf6 2. c4 e6 3. a3 d5 4. e3 b6 5. Be2 Be7 6. cxd5 exd5 7. Nf3 Nbd7 
8. Nc3 Bb7 9. Ne5 O-O 10. Nxd7 Qxd7 11. O-O c5 12. dxc5 bxc5 13. Bd2 Rab8 
14. Bb5 Qd6 15. Be2 Rfe8 16. f4 d4 17. Nb5 Qc6 18. exd4 Qxg2# 0-1

[Event "Premier Quad, S40439"]
[Site "CCLA"]
[Date "2014.12.19"]
[Round "?"]
[White "Disque, Philip"]
[Black "Vecchio, Ralph"]
[Result "0-1"]
[WhiteElo "1669"]
[BlackElo "1815"]

1. Nf3 d5 2. c4 e6 3. g3 Nf6 4. d4 Bb4+ 5. Bd2 a5 6. Qc2 Nc6 7. a3 Be7 8. 
Bg2 O-O 9. O-O Ne4 10. Bf4 Bd7 11. Nbd2 g5 12. Be3 f5 13. cxd5 exd5 14. 
Nxe4 fxe4 15. Ne5 Nxe5 16. dxe5 Rf5 17. Qb3 Rxe5 18. Bd4 Re6 19. Qxd5 c6 
20. Qc4 b5 21. Qc2 Be8 22. Rfd1 Bg6 23. Be3 Qf8 24. Bh3 Bf5 25. Bxf5 Qxf5 
26. Kg2 Rf8 27. Rf1 Rh6 28. Qb3+ Rf7 29. Rh1 Bc5 30. h4 a4 31. Qc3 Bxe3 
32. Qxe3 gxh4 33. Rh3 Rhf6 34. Rf1 hxg3 35. Rxg3+ Kf8 36. Qb6 Rg6 37. Qd8+
Kg7 38. Qd4+ Rf6 39. f4 c5 40. Qc3 Kf7 41. e3 h5 42. Qe1 Rxg3+ 43. Kxg3 
Qg4+ 44. Kh2 Rg6 45. Qf2 h4 46. Rc1 Qf3 47. Rc2 Rg3 48. Qxf3 exf3 49. Rf2 
Kf6 50. e4 c4 51. Rd2 Rg2+ 0-1

[Event "Summer Server Series, S40081"]
[Site "CCLA"]
[Date "2014.07.28"]
[Round "?"]
[White "Sanchez, David A."]
[Black "Metz, Edward"]
[Result "1-0"]
[WhiteElo "1471"]
[BlackElo "1398"]

1. d4 d5 2. c4 Nf6 3. g3 e6 4. Nf3 c5 5. Bg2 Nc6 6. O-O Qb6 7. cxd5 Nxd5 
8. e4 Nc7 9. d5 exd5 10. exd5 Nd4 11. Re1+ Be7 12. Ng5 O-O 13. Rxe7 Qd6 
14. Re4 Nxd5 15. Rh4 h6 16. Ne4 Qe7 17. Bxh6 Rd8 18. Bg5 f6 19. Bd2 Bf5 
20. Nbc3 Nxc3 21. Nxc3 Rab8 22. Be3 Nc2 23. Bd5+ Be6 24. Bxe6+ Qxe6 25. 
Qxc2 a6 26. Bxc5 Rbc8 27. Qh7+ Kf7 28. Bd4 Rh8 29. Qe4 Qd7 30. Rxh8 Rxh8 
31. Qd5+ Qxd5 32. Nxd5 Rh5 33. Nf4 Rb5 34. Rc1 Rb4 35. Rc7+ Ke8 36. Bc3 
Rb5 37. Rxg7 f5 38. h4 b6 39. Ne6 a5 40. Nc7+ 1-0

[Event "Continuous Server Series, S40189"]
[Site "CCLA"]
[Date "2014.06.06"]
[Round "?"]
[White "Blankenship, Jerry T."]
[Black "Smith, Dan W."]
[Result "1/2-1/2"]
[WhiteElo "1599"]
[BlackElo "1435"]

1. d4 Nf6 2. c4 e6 3. g3 d5 4. Bg2 dxc4 5. Qa4+ Bd7 6. Qxc4 Nc6 7. Nf3 Be7
8. O-O O-O 9. Nc3 Na5 10. Qd3 Bc6 11. e4 h6 12. e5 Nd5 13. Be3 a6 14. Rfd1
Nxe3 15. Qxe3 Nc4 16. Qe2 b5 17. b3 Nb6 18. Rac1 b4 19. Ne4 Bb5 20. Qd2 a5
21. Ne1 c6 22. Nc2 Ba6 23. Nc5 Bxc5 24. dxc5 Qxd2 25. Rxd2 Nd5 26. Nd4 
Rac8 27. Bxd5 exd5 28. f4 Bb7 29. Nf5 Rc7 30. Nd6 Bc8 31. Kf2 Be6 32. f5 
Bd7 33. Rd4 Ra7 34. g4 Rb8 35. Re1 a4 36. e6 fxe6 37. fxe6 Be8 38. e7 Raa8
39. Rf4 Bg6 40. Re6 Kh7 41. Kg3 axb3 42. axb3 Rg8 1/2-1/2

[Event "Herbert W. Gustafson Memorial Open, S47079"]
[Site "CCLA"]
[Date "2014.10.27"]
[Round "?"]
[White "Shannon, Paul D."]
[Black "Fausey, Verna M."]
[Result "1-0"]
[WhiteElo "1832"]
[BlackElo "1747"]

1. d4 d5 2. c4 e6 3. g3 Nf6 4. Bg2 dxc4 5. Nf3 Bd7 6. Ne5 Bc6 7. Nxc6 Nxc6
8. O-O Qd7 9. e3 Rb8 10. Qe2 b5 11. b3 cxb3 12. axb3 Rb6 13. Bxc6 Rxc6 14.
 Rxa7 Bd6 15. Ra8+ Ke7 16. Rxh8 Ra6 17. e4 e5 18. f4 Bb4 19. d5 exf4 20. 
Bxf4 Bc5+ 21. Kh1 Bd4 22. Bg5 h6 23. Bxf6+ Rxf6 24. Rxf6 Kxf6 25. Rb8 Kg6 
26. Nd2 Bb6 27. Nf3 Kh7 28. Qd3 b4 29. Ne5 1-0

[Event " NA Class A Server Championship, S40109"]
[Site "CCLA"]
[Date "2014.04.30"]
[Round "?"]
[White "Calkins, Donn"]
[Black "Vecchio, Ralph"]
[Result "1-0"]
[WhiteElo "1938"]
[BlackElo "1815"]

1. d4 Nf6 2. c4 e6 3. g3 d5 4. Nf3 dxc4 5. Bg2 Nc6 6. Qa4 Nd5 7. Qxc4 Nb6 
8. Qd3 e5 9. Be3 Bb4+ 10. Nc3 exd4 11. Nxd4 Nxd4 12. Bxd4 O-O 13. O-O-O c6
14. a3 Bxc3 15. Qxc3 Re8 16. e4 Na4 17. Qb4 b5 18. Bxa7 Bd7 19. Qd4 Re7 
20. Bc5 Nxc5 21. Qxc5 Qe8 22. Rd6 Re5 23. Qc3 Re6 24. Rhd1 Rxd6 25. Rxd6 
Qe7 26. e5 Rc8 27. Qc5 Bf5 28. h4 h5 29. b4 Ra8 30. Bxc6 Rxa3 31. Kb2 Ra7 
32. Bxb5 Qb7 33. Rd8+ Kh7 34. Qc6 Qe7 35. Qd6 Qxd6 36. exd6 Rb7 37. d7 Kg6
38. Bc6 Rxb4+ 39. Kc3 Rb6 40. Rc8 Bxd7 41. Bxd7 Rd6 42. Be8 Re6 43. Rc6 
Rxc6+ 44. Bxc6 Kf6 45. Bf3 Kg6 46. Kd3 Kf5 47. Bxh5 g6 48. g4+ Kf4 49. Ke2
gxh5 50. gxh5 Kf5 51. Kf3 1-0

[Event "Herbert W. Gustafson Memorial Open, S47019"]
[Site "CCLA"]
[Date "2014.10.27"]
[Round "?"]
[White "Belanoff, Stuart"]
[Black "Berthelot, Paul"]
[Result "1/2-1/2"]
[WhiteElo "2265"]
[BlackElo "2227"]

1. Nf3 d5 2. d4 Nf6 3. c4 e6 4. g3 dxc4 5. Bg2 Nc6 6. Qa4 Bb4+ 7. Bd2 Bd6 
8. Bc3 O-O 9. Qxc4 Qe7 10. Ne5 Bxe5 11. dxe5 Nd5 12. O-O Rd8 13. Rd1 Nxc3 
14. Nxc3 Bd7 15. f4 Be8 16. Ne4 b6 17. Nf2 Na5 18. Qc3 c6 19. b4 Nb7 20. 
a3 a5 21. Rxd8 Rxd8 22. Rb1 Qc7 23. Qe3 axb4 24. axb4 Ra8 25. Ne4 Qd8 26. 
Bf3 h6 1/2-1/2

[Event "Herbert W. Gustafson Memorial Open, S47069"]
[Site "CCLA"]
[Date "2014.10.27"]
[Round "?"]
[White "Blake, Michael J."]
[Black "Price, Brennan"]
[Result "1-0"]
[WhiteElo "2008"]
[BlackElo "1852"]

1. d4 Nf6 2. c4 e6 3. g3 d5 4. Nf3 Be7 5. Bg2 dxc4 6. O-O O-O 7. Qc2 a6 8.
 Qxc4 b5 9. Qc2 Bb7 10. Bd2 Bd6 11. Re1 Be4 12. Qc1 Bb7 13. a3 Nbd7 14. b4
Qe7 15. Nc3 Ne4 16. Ng5 Nxd2 17. Bxb7 Qxg5 18. Ra2 Rab8 19. Bg2 Nb6 20. 
Rxd2 Nc4 21. Ra2 Qh5 22. Ne4 e5 23. dxe5 Bxe5 24. Nd2 Nb6 25. Rc2 Rfe8 26.
 Rc6 Rbd8 27. e3 Qf5 28. Nf3 Bd6 29. Nd4 Qg4 30. Rc2 Nc4 31. Bf1 Ne5 32. 
Be2 Qe4 33. Rc3 g5 34. Qc2 Qg6 35. Nf5 Rd7 36. Rd1 g4 37. Kg2 h5 38. h3 
Re6 39. hxg4 hxg4 40. e4 Qg5 41. Rh1 1-0

[Event "NA Class C Server Championship, S40129"]
[Site "CCLA"]
[Date "2014.04.30"]
[Round "?"]
[White "Sanchez, David A."]
[Black "Strelecky, Rich"]
[Result "1/2-1/2"]
[WhiteElo "1471"]
[BlackElo "1584"]

1. d4 Nf6 2. c4 e6 3. g3 d5 4. Bg2 Be7 5. Nf3 h6 6. O-O O-O 7. Nc3 a6 8. 
Ne5 dxc4 9. Nxc4 c6 10. e4 b5 11. e5 Nd5 12. Ne3 b4 13. Ncxd5 cxd5 14. Qh5
Bg5 15. f4 Be7 16. f5 Bg5 17. h4 Bxe3+ 18. Bxe3 exf5 19. Rac1 Be6 20. Bh3 
f6 21. Bxf5 Bxf5 22. Rxf5 Qe8 23. Qxe8 Rxe8 24. Bxh6 fxe5 25. Rxe5 Rxe5 
26. dxe5 gxh6 27. Rd1 Nc6 28. Rxd5 Rd8 29. Rxd8+ Nxd8 30. g4 Nc6 31. g5 
1/2-1/2

[Event "Premier Quad, S40439"]
[Site "CCLA"]
[Date "2014.12.19"]
[Round "?"]
[White "Disque, Philip"]
[Black "Ragan, Anthony"]
[Result "0-1"]
[WhiteElo "1669"]
[BlackElo "1900"]

1. Nf3 Nf6 2. c4 e6 3. g3 d5 4. d4 Be7 5. Bg2 O-O 6. O-O Nbd7 7. Qc2 c6 8.
 b3 Ne4 9. Rd1 f5 10. Bb2 Bd6 11. Nfd2 Ndf6 12. Nc3 Ng4 13. Ndxe4 fxe4 14.
 Rf1 Bd7 15. Nxe4 dxe4 16. Bxe4 Nf6 17. Bg2 Be8 18. e4 Bg6 19. Rae1 c5 20.
 f3 Qb6 21. Qd2 cxd4 22. Bxd4 Bc5 23. Bxc5 Qxc5+ 24. Kh1 Rad8 25. Qb2 Rd4 
26. e5 Nd7 27. f4 Rd8 28. Bxb7 Qb6 29. Qg2 Nc5 30. Bf3 Rd2 31. Re2 Rd1 32.
 Ree1 Rxe1 33. Rxe1 Qb4 34. Qf1 Rd2 35. Re2 Bd3 0-1

[Event "Winter Server Series, S40041"]
[Site "CCLA"]
[Date "2014.01.27"]
[Round "?"]
[White "Simonson, Jay"]
[Black "Smiley, William R."]
[Result "0-1"]
[WhiteElo "1364"]
[BlackElo "1530"]

1. Nf3 d5 2. c4 c6 3. d4 Nf6 4. Qc2 e6 5. g3 Nbd7 6. Bg2 Be7 7. O-O O-O 8.
 Nbd2 c5 9. cxd5 Nxd5 10. a3 cxd4 11. Nxd4 N7f6 12. Nc4 b5 13. Nxb5 Ba6 
14. Nd4 Rc8 15. b3 Qc7 16. Bf4 Nxf4 17. gxf4 Qxf4 18. e3 Qh6 19. Nf3 Bc5 
20. h3 Bb7 21. Rfd1 Bxf3 22. Bxf3 Qxh3 23. Bg2 Qh4 24. Ne5 Bxe3 25. Qe2 
Bb6 26. Rd2 g6 27. Rad1 Kg7 28. Rc2 Rxc2 29. Qxc2 Rd8 30. Rxd8 Bxd8 31. b4
Bb6 32. Nf3 Qf4 33. Qb2 Kh6 34. Ne5 Ng4 35. Nxg4+ Qxg4 36. Qd2+ Kg7 37. 
Qc3+ Bd4 38. Qf3 Qxf3 39. Bxf3 e5 40. Bc6 f5 41. Kf1 h5 42. Bf3 e4 43. Be2
Kf6 44. a4 f4 45. Bb5 e3 46. Be2 exf2 47. Bf3 h4 48. Bg4 Kg5 49. Bh3 Kh5 
50. Bg2 Kg4 51. b5 g5 52. a5 Kf5 53. a6 g4 54. b6 Bxb6 55. Bh1 h3 56. Bd5 
g3 57. Bf3 g2+ 58. Bxg2 hxg2+ 59. Kxg2 Kg4 60. Kf1 Kg3 0-1